Introduction to economic theory (Record no. 1519)

MARC details
000 -LEADER
fixed length control field 00533cam a2200193ua 4500
008 - FIXED-LENGTH DATA ELEMENTS--GENERAL INFORMATION
fixed length control field 110714n ii |||gr||||Z||||||eng
040 ## - CATALOGING SOURCE
Transcribing agency MAIN
082 ## - DEWEY DECIMAL CLASSIFICATION NUMBER
Classification number 330.01
100 ## - MAIN ENTRY--PERSONAL NAME
Personal name Sen, Satyendra Nath,
Relator term
245 1# - TITLE STATEMENT
Title Introduction to economic theory
Statement of responsibility, etc. by Satyendra Nath Sen
250 ## - EDITION STATEMENT
Edition statement 26th.
260 ## - PUBLICATION, DISTRIBUTION, ETC.
Place of publication, distribution, etc. Allahabad:
Name of publisher, distributor, etc. Bookland Pvt. Ltd.,972.
300 ## - PHYSICAL DESCRIPTION
Extent xvii; 532p:
Other physical details ill;
Dimensions 23cm.
700 ## - ADDED ENTRY--PERSONAL NAME
Personal name Das, Sisir Kumar,
Relator term
942 ## - ADDED ENTRY ELEMENTS (KOHA)
Koha item type Books
653 ## - INDEX TERM--UNCONTROLLED
Uncontrolled term Economics
653 ## - INDEX TERM--UNCONTROLLED
Uncontrolled term introduction to economic theory
Holdings
Withdrawn status Lost status Damaged status Not for loan Home library Current library Shelving location Date acquired Total Checkouts Full call number Barcode Date last seen Copy number Price effective from Koha item type
        Central Library, Naharkatiya College Central Library, Naharkatiya College General Stacks 19/09/2020   330.01 | SEN 1736 19/09/2020 2 19/09/2020 Books
        Central Library, Naharkatiya College Central Library, Naharkatiya College General Stacks 19/09/2020   330.01 | SEN 1737 19/09/2020 1 19/09/2020 Books

Naharkatiya College © 2020. All rights reserved.

Powered By